|
|
|
|
| LEADER |
00000nab a2200000 a 4500 |
| 001 |
vtls000746635 |
| 003 |
SK-MaSNL |
| 005 |
20260304125723.0 |
| 008 |
250429c2000 xo 0 slo |
| 015 |
|
|
|a SNBRB2001/03-07337
|
| 035 |
|
|
|a CLN000098466
|
| 035 |
|
|
|a urn:nbn:sk:snk-ab71xd
|
| 035 |
|
|
|a (uuid)fc2cb671-171a-42de-a3d4-e6497160b18b
|
| 035 |
|
|
|a (urnnbn)urn:nbn:sk:snk:ar-a06mv3
|
| 035 |
|
|
|a (sysno)vtls000746635
|
| 040 |
|
|
|a SNKBUCL
|b slo
|c SNKBUCL
|e AACR2
|
| 041 |
0 |
|
|a slo
|
| 044 |
|
|
|a xo
|c SK
|
| 080 |
|
|
|a 612.017.3:613.955:613.12(437.6)
|2 1997
|
| 245 |
0 |
0 |
|a Prevalencia inhalačných alergií u slovenských školákov a rizikové faktory
|c S. Timová ... [et al.]
|
| 246 |
1 |
1 |
|a Prevalence of inhalation allergy in school students and risk factors
|
| 300 |
|
|
|b Graf, tab.
|
| 504 |
|
|
|a Res. slov., angl.
|
| 504 |
|
|
|a Bibliogr. odkazy
|
| 650 |
0 |
7 |
|a alergény
|2 SNKPH
|9 19079
|
| 650 |
0 |
7 |
|a inhalačná alergia
|2 SNK
|9 1030822
|
| 650 |
0 |
7 |
|a imunoglobulín E
|2 SNK
|9 990718
|
| 650 |
0 |
7 |
|a prevalencia
|2 SNK
|9 840846
|
| 650 |
0 |
7 |
|a primárna prevencia
|2 SNK
|9 506040
|
| 650 |
0 |
7 |
|a rizikové faktory
|2 SNK
|9 369994
|
| 650 |
0 |
7 |
|a dotazníky
|2 SNKPH
|9 19591
|
| 650 |
0 |
7 |
|a IgE
|2 SNK
|9 842131
|
| 650 |
0 |
7 |
|a znečistenie vzduchu
|2 SNKPH
|9 539603
|
| 655 |
|
7 |
|a články z novín a časopisov
|2 SNK
|9 267496
|
| 700 |
1 |
|
|a Timová, S.
|4 aut
|9 1124034
|
| 700 |
1 |
|
|a Fabiánová, Eleonóra,
|d 1953-
|4 aut
|9 47946
|
| 700 |
1 |
|
|a Hrubá, F.
|4 aut
|9 810682
|
| 700 |
1 |
|
|a Keleová, Anna
|4 aut
|9 350537
|
| 700 |
1 |
|
|a Pernišová, M.
|4 aut
|9 1439043
|
| 700 |
1 |
|
|a Zacharová, M.
|4 aut
|9 922595
|
| 700 |
1 |
|
|a Nyulassy, Štefan,
|d 1939-2009
|4 aut
|9 218207
|
| 773 |
0 |
|
|t Klinická imunológia a alergológia
|g Roč. 10, č. 3 (2000), s.33-38
|x 1335-0013
|
| 850 |
|
|
|a Slovenská národná knižnica
|
| 852 |
|
|
|a Slovenská národná knižnica
|
| 954 |
|
|
|a odborná, vedecká literatúra pôvodná (slovenská)
|2 lita
|
| 958 |
|
|
|a article2022
|
| 958 |
|
|
|a MI
|
| 958 |
|
|
|a NB
|
| 958 |
|
|
|a OND
|
| 958 |
|
|
|a EUIPO
|
| 999 |
|
|
|c 2894566
|d 2896496
|